000 00539nam a2200181 a 4500
005 20140412111249.0
008 020516s19uu xx 00 eng d
020 _a0-439-21997-3
050 _aER
_bCl61Be 2000
100 _aBridwell, Norman
245 _aClifford's best friend / :
_ba story about Emily Elizabeth /
_cNorman Bridwell.
260 _aNew York :
_bScholastic Inc,
_c2000.
300 _a[30] p. ; ill.
440 _aClifford The Big Red Dog
650 _aDogs
_xFiction
650 _aFriendship
_xFiction
999 _c103042
_d103042